000 01011naa a22002897a 4500
001 BR9510953
003 BR-BrBNA
005 20240918181801.0
007 ta
008 230509b bl.||||| |||| 00| 0 por d
040 _aBR-BrBNA
_bpor
_cBiblioteca Nacional de Agricultura
041 _a(Pt)
072 _aJ10
090 _aJ10 BR9510953
100 1 _aBecker, L.O. de M.
111 1 _a1. Seminario Nacional de Armazenagem
_cPorto Alegre, RS (Brazil)
_d19-22 Aug 1974
245 1 _aArmazens frigorificos dos corredores de exportacao
260 3 _aPorto Alegre, RS (Brasil):
_c1974.
500 _a1. Seminario Nacional de Armazenagem. Anais Porto Alegre, RS (Brasil): 1974. p. 250-251 (BR9510953-AM)J10
650 _aArmazem
650 _aFrigorifico
650 _aEstocagem
650 _aCorredor de Exportacao
773 0 _t1. Seminario Nacional de Armazenagem. Anais
_wJ10 BR9510953
_gPorto Alegre, RS (Brasil), 1974. p. 250-251
909 _a202404
_bLucia
_c55
_dLucia Elande
942 _cAM
_2AGRIS
999 _c326815
_d326815